00921cam a2200229 a 450000100090000000300090000900500170001800800410003501000170007604000230009304100130011605000230012908200200015210000360017224000830020824501390029126000760043030000210050650000700052750400680059765000260066512447343BDDh-ASL20231015025724.0010620s1992 ir b 001 0 eng  a 2001390377 aDLCcDLCdBDDh-ASL1 aenghper00aBP194b.M8413 199200a297.01221bRES1 aMūsavī Lārī, Mujtabá.10aMabānī-i iʻtiqādāt dar Islām.n3,pFardā-yi jāvidān.lEnglish10aResurrection, judgement, and the hereafter :blessons on Islamic doctrine (book 3) /cMujtaba Musavi Lari ; translated by Hamid Algar. a[Qum]:bFoundation of Islamic Cultural Propagation in the World,c1992. a251 p. ;c22 cm. aSelected articles originally published in the magazine, Surūsh. aIncludes bibliographical references (p. [231]-233) and indexes. 0aShīʻahxDoctrines.